Lidé a jídlo /

Hlavní autor: Dvořáková-Janů, Věra, 1938-
Jazyk: Čeština
Vydáno: Praha : ISV, 1999
Vydání: Vyd. 1.
Edice: Sociologie (ISV)
Témata:
Externí odkaz: Digitalizovaný dokument
Fyzický popis: 182 s. : il. ; 23 cm
Knihy
Uloženo v:
LEADER 01144nam a2200349 a 4500
001 000417976
003 CZ BrMZK
005 20201126085549.0
007 ta
008 990315s1999 xr f 0 cze d
015 |a cnb000659051 
020 |a 80-85866-41-2 
035 |a (OCoLC)43864654 
040 |a BOA001  |b cze 
072 7 |a 316  |x Sociologie  |2 Konspekt  |9 18 
080 |a 641/642  |2 MRF 
080 |a 316  |2 MRF 
080 |a (048.8)  |2 MRF 
100 1 |a Dvořáková-Janů, Věra,  |d 1938-  |7 ola2004235413  |4 aut 
245 1 0 |a Lidé a jídlo /  |c Věra Dvořáková-Janů 
250 |a Vyd. 1. 
260 |a Praha :  |b ISV,  |c 1999 
300 |a 182 s. :  |b il. ;  |c 23 cm 
490 1 |a Sociologie 
500 |a Bibliogr. 
650 0 7 |a gastronomie  |7 ph120473  |x sociologické aspekty  |2 czenas 
655 7 |a monografie  |7 fd132842  |2 czenas 
830 0 |a Sociologie (ISV)  |0 s 
856 4 1 |u http://www.digitalniknihovna.cz/mzk/uuid/uuid:fa9914e0-3558-11e7-8e0f-005056827e52  |y Digitalizovaný dokument  |x NDK 
910 |a BOA001  |b 2-1059.265 
990 |a BK 
996 6 |b 2610092693  |c 2-1059.265  |l MZK  |r Sklad / do 1 hodiny  |n 59  |p p.v.  |w 000417976  |u 000010  |a 1  |e BOA001  |j MZK50  |s P